Životné poistenie v Slovenskej republike (ukazovatele k 31. 12. 2003)

Situácia na trhu životného poistenia v Slovenskej republike. Podiel životného poistenia na celkovom poistnom. Ukazovatele za obdobie rokov 1993-2003.

Guardado en:
Detalles Bibliográficos
Autor principal: Korauš, Antonín
Formato: Capítulo de libro
Lenguaje:eslovaco
Materias:
Etiquetas: Agregar Etiqueta
Sin Etiquetas, Sea el primero en etiquetar este registro!

MARC

LEADER 00000naa$a2200000$$$4500
001 0021362
005 20230927101158.6
041 0 |a slo 
044 |a CZ 
245 1 0 |a Životné poistenie v Slovenskej republike  |b (ukazovatele k 31. 12. 2003)  |c Anton Korauš 
520 |a Situácia na trhu životného poistenia v Slovenskej republike. Podiel životného poistenia na celkovom poistnom. Ukazovatele za obdobie rokov 1993-2003. 
610 2 0 |a poistenie životné 
610 2 0 |a trh poistný 
610 2 0 |a Slovensko 
610 2 0 |a ukazovatele štatistické 
610 2 0 |a poistné 
610 2 0 |a 1993-2003 
100 1 |a Korauš, Antonín